LEADER 00995nam a2200253 i 4500 001 000000169885 003 CaOOAMICUS 005 20080304000000.0 008 080304s1963 it u000 u ita u 013 $a147290 040 $aSeMil$bita 100 0 $aAmbrosius,$c.$0(OLS)http://semarc/name/904 245 10$aEterno sacerdozio /$cS. Ambrogio ; a cura di Rhaudenses. 260 $aMilano :$bÀncora,$ccopyr. 1963. 300 $a399 p. ;$c17 cm. 500 $aFondo Card. Giovanni Colombo. 650 4$aSacerdozio - Meditazioni.$0(OLS)http://semarc/subject/3490 700 1 $aRhaudenses .$0(OLS)http://semarc/name/90393 850 $aSeMil 852 $aSeMil$W1$xVenegono$y1$m3F I 540$j120789$B120789$CSeMilBibl$Z2$F133774 $81 941 1 $a3 961 $aLascito: Colombo Card. Giovanni 996 $6245$aEterno sacerdozio$9(OLS)http://semarc/title/242934 996 $6260$aMilano :$bÀncora$9(OLS)http://semarc/publisher/29763 LEADER 00941nam a2200217 i 4500 001 000000076291 003 CaOOAMICUS 005 20071029000000.0 008 071029s1950 it u000 u ita u 013 $a47463 040 $aSeMil$bita 100 1 $aAmoruso, Michele.$0(OLS)http://semarc/name/37599 245 10$aParadiso di Rose d'Amore alla Vergine :$bpoema in 20 canti /$cDott. Michele Amoruso. 260 $aTaranto :$bTip. «Taras»,$c1950. 300 $a100 p. ;$c31 cm. 650 4$aPoesia italiana - Sec. 20. - Testi.$0(OLS)http://semarc/subject/1280 650 4$aMadonna - Letteratura - Poesia - Testi.$0(OLS)http://semarc/subject/15585 850 $aSeMil 852 $aSeMil$W1$xVenegono$y1$m1I VI 3$j42443$B42443$CSeMilBibl$Z2$F42447 $81 996 $6245$aParadiso di Rose d'Amore alla Vergine :$bpoema in 20 canti$9(OLS)http://semarc/title/123644 996 $6260$aTaranto :$bTip. «Taras»$9(OLS)http://semarc/publisher/43297